| 000 | 00821nam a2200277 i 4500 | ||
|---|---|---|---|
| 008 | 770517s1976 fr 000 0 fre | ||
| 010 | _a 77469069 | ||
| 020 |
_a2721000683 : _c20.00F |
||
| 040 |
_aDLC _cDLC _dDLC |
||
| 050 | 0 | 0 |
_aPQ2676.A882 _bV5 |
| 082 | 0 | 0 | _a843/.9/14 |
| 092 | 0 | 4 |
_a843.914 _bP337 _221 |
| 099 |
_a04 _a843.914 P337 |
||
| 100 | 1 | _aPavesi, Julie. | |
| 245 | 1 | 0 |
_aVivre oiseau ou mourir : _bet mourir quand mمeme / _cJulie Pavesi. |
| 260 |
_a[Paris] : _bdes Femmes, _c1976. |
||
| 300 |
_a91 p. ; _c18 cm. |
||
| 600 | 1 | 0 | _aPavesi, Julie. |
| 650 | 0 |
_aFrench fiction _y20th century. |
|
| 650 | 0 |
_aFrench fiction _y20th century _xHistory and criticism. |
|
| 902 | _a1 | ||
| 905 |
_aGhada _eCat. |
||
| 905 |
_aJihan _eRev |
||
| 942 |
_2ddc _cBK |
||
| 999 |
_c154100 _d154100 |
||